Sanchismo, mentiras e ingeniería social (I) : (Record no. 195843)

MARC details
000 -LEADER
campo de control de longitud fija 00908nam a2200253 i 4500
001 - NÚMERO DE CONTROL
campo de control 195843
003 - IDENTIFICADOR DE NÚMERO DE CONTROL
campo de control ES-MaACL
005 - FECHA Y HORA DE LA ÚLTIMA TRANSACCIÓN
campo de control 20250312063231.0
008 - DATOS DE LONGITUD FIJA--INFORMACIÓN GENERAL
campo de control de longitud fija 240721b2022 sp ||||| |||| 00| 0 spa d
020 ## - NÚMERO INTERNACIONAL ESTÁNDAR DEL LIBRO
Número Internacional Estándar del Libro 9798849147703
040 ## - FUENTE DE CATALOGACIÓN
Centro/agencia transcriptor ES-MaACL
100 ## - ENTRADA PRINCIPAL--NOMBRE DE PERSONA
9 (RLIN) 233902
Nombre de persona Vila, José-Miguel
245 ## - MENCIÓN DEL TÍTULO
Título Sanchismo, mentiras e ingeniería social (I) :
Resto del título Material para la controversia /
Mención de responsabilidad, etc. José-Miguel Vila.
260 ## - PUBLICACIÓN, DISTRIBUCIÓN, ETC.
Lugar de publicación, distribución, etc. Polonia :
Nombre del editor, distribuidor, etc. Amazon,
Fecha de publicación, distribución, etc. 2022.
300 ## - DESCRIPCIÓN FÍSICA
Extensión 448 pág. ;
Otras características físicas 21 cm
336 ## - TIPO DE CONTENIDO
Fuente rdacontent
Término de tipo de contenido Texto
337 ## - TIPO DE MEDIO
Fuente rdamedia
Nombre/término del tipo de medio sin mediación
338 ## - TIPO DE SOPORTE
Fuente rdacarrier
Nombre/término del tipo de soporte volumen
852 ## - LOCALIZACIÓN
Ubicación ES-MaACL
Sublocalización o colección R.1523568
Ubicación en estantería Depósito J
Número de control de estantería N-8857
Donativo/Legado Donación: editorial
Encuadernación Encuaderanción: rústica
itemnumber 204723
942 ## - ELEMENTOS DE ENTRADA SECUNDARIOS (KOHA)
Tipo de ítem Koha Libro impreso
Suprimir en OPAC No
954 ## - CATALOGADOR -ALTA REGISTRO
Estado de la copia Tatiana Alejandra de Castro Pérez
Holdings
Estatus retirado Estado de pérdida Fuente del sistema de clasificación o colocación Estado de daño No para préstamo Biblioteca de origen Biblioteca actual Ubicación en estantería Fecha de adquisición Fuente de adquisición Total de préstamos Signatura topográfica completa Código de barras Visto por última vez Precio de reemplazo Tipo de ítem Koha
    Clasificación decimal universal     Biblioteca del Ateneo de Madrid Biblioteca del Ateneo de Madrid Depósito J 10/03/2025 Donación   N-8857 101229605 10/03/2025 10/03/2025 Libro impreso